Immortal are the flames of proletarian struggles / (Record no. 42788)
[ view plain ]
| 000 -LEADER | |
|---|---|
| fixed length control field | 00787nam a22002297a 4500 |
| 005 - DATE AND TIME OF LATEST TRANSACTION | |
| control field | 20100820143850.0 |
| 010 ## - LCCN (DPL NO) | |
| LC control number | ENG-101135 |
| 020 ## - INTERNATIONAL STANDARD BOOK NUMBER | |
| Terms of availability | 15.00 |
| International Standard Book Number | 9788190641548 |
| 035 ## - SYSTEM CONTROL NUMBER | |
| System control number | EN-84668 |
| 037 ## - SOURCE OF ACQUISITION | |
| Source of stock number/acquisition | DBAD/PUB |
| 082 ## - DEWEY DECIMAL CLASSIFICATION NUMBER | |
| Classification number | 335.00973 |
| 100 ## - MAIN ENTRY--PERSONAL NAME | |
| Personal name | Bose, Deepayan |
| 245 ## - TITLE STATEMENT | |
| Title | Immortal are the flames of proletarian struggles / |
| Statement of responsibility, etc | by Deepayan Bose |
| 260 ## - PUBLICATION, DISTRIBUTION, ETC. (IMPRINT) | |
| Place of publication, distribution, etc | Lucknow |
| Name of publisher, distributor, etc | Rahul Foundation |
| Date of publication, distribution, etc | 2008 |
| 270 ## - ADDRESS | |
| Address | 69, Baba Ka Purwa, Paper Mill Road, Nishatgunj |
| City | Lucknow |
| Postal code | 226006 |
| 300 ## - PHYSICAL DESCRIPTION | |
| Extent | 48 p. |
| Dimensions | 22cm (Pbk) |
| 650 ## - SUBJECT ADDED ENTRY--TOPICAL TERM | |
| Topical term or geographic name as entry element | Socialism |
| 700 ## - ADDED ENTRY--PERSONAL NAME | |
| 9 (RLIN) | 15693 |
| 700 ## - ADDED ENTRY--PERSONAL NAME | |
| 9 (RLIN) | 15729 |
| 942 ## - ADDED ENTRY ELEMENTS (KOHA) | |
| Source of classification or shelving scheme | Dewey Decimal Classification |
| Item type | English Books |
| Call number suffix | BOS |
| Classification part | 335.00973 |
| Withdrawn status | Lost status | Not for loan | Collection code | Home library | Current library | Date acquired | Cost, normal purchase price | Full call number | Barcode | Copy number | Cost, replacement price | Koha item type |
|---|---|---|---|---|---|---|---|---|---|---|---|---|
| Not For Loan | Non-fiction | D.B.Act.Division | D.B.Act.Division | 20/08/2010 | 15.00 | 335.00973 BOS | EN-84668 | 1 | 15.00 | English Books |
